Представление документа в формате RUSMARC

ПолеНазваниеЗначение
  Тип записи a
  Библиографический уровень a
001 Контрольный номер c5f125de76f44955ab52cec80827ef82
005 Дата корректировки 20250406133842.4
100 Данные общей обработки __
a Данные общей обработки 20250304 ||| 0rusy0189 ca
101 Язык документа 0_
a Язык текста rus
102 Страна публикации __
a Страна публикации RU
200 Заглавие и сведения об ответственности 1_
a Заглавие Гиена
e Сведения, относящиеся к заглавию стихотворение
f Первые сведения об ответственности М. Ромакер
333 Примечание о целевом назначении __
a Примечание о целевом назначении 0+
461 Уровень набора _0
1 2000
a Тошка и компания
463 Уровень физической единицы _0
1 2000
a № 1
v С. 10 : ил.
1 2101
d 2025
1 001b8420d666b8a4e358e1efd200cf9d144
606 Тематические рубрики 0_
a Основная рубрика Русская поэзия - 21 в.
610 Ключевые слова 0_
a Ключевые слова детская поэзия, стихи для детей, стихи о животных, гиены (х. л.), стихи о гиенах
686 Индексы других классификаций __
a Классификационный индекс Р2
700 Автор _1
a Фамилия Ромакер
b Имя (инициалы) М.
g Полное личное имя Марина
801 Источник записи _0
a Страна RU
b Организация УОБДЮ
c Дата составления 20250304
g Правила каталогизации RCR
801 Источник записи _1
a Страна RU
b Организация УОБДЮ
c Дата составления 20250304
g Правила каталогизации RCR
901 Тип документа __
t Тип документа b
w Контрольный № источника b8420d666b8a4e358e1efd200cf9d144
905 Данные по созданию БЗ __
b Логин пользователя, который создал БЗ ibo4
909 Создатель записи __
a Создатель записи Бобылёва И.В.
910 Корректоры записи __
a Корректор записи Бобылёва И.В.